| 000 | 00656nam a2200193 i 4500 | ||
|---|---|---|---|
| 001 | 142869 | ||
| 003 | ES-MaACL | ||
| 005 | 20230906200638.0 | ||
| 007 | t| | ||
| 008 | 071010s1961 sp a |||| | spa d | ||
| 080 | _a53(076) | ||
| 100 | 1 |
_aVidal Llenas, José María. _9114499 |
|
| 245 | 1 | 0 |
_aProblemas de física para los cursos selectivos y preuniversitarios / _cpor José Mª Vidal Llenas y Vicente Gandía Gomar. |
| 260 |
_aBarcelona : _b[s.n.], _c1961 ( _eBilbao : _fGráf. Grijelmo) |
||
| 300 |
_aVIII, 250 p. : _bil. ; _c22 cm. |
||
| 650 | 1 | 4 |
_aFísica- _vProblemas. _912885 |
| 700 | 1 |
_aGandía Gomar, Vicente. _953840 |
|
| 852 |
_aES-MaACL _jB-938 |
||
| 999 |
_c142869 _d142869 |
||